000 01110cam a2200301 a 4500
001 4713763
003 Nust
005 20220829113310.0
008 830411s1983 nyu 000 1 eng
010 _a 83004772
020 _a9780330462433
_cRs. 476
038 _aArshad
040 _aDLC
_cDLC
_dDLC
_dOCoLC
_dDLC
043 _an-us-ca
050 0 0 _aPR6053.O425
_bH6 1983
082 0 0 _a823
_bCOL
100 1 _aCollins, Jackie.
_912048
245 1 0 _aHollywood wives /
_cby Jackie Collins.
260 _aNew York :
_bSimon and Schuster,
_c1983.
300 _a522 p. ;
_c24 cm.
650 0 _aMarried women
_xFiction.
_912069
650 0 _aMotion picture industry
_xFiction.
_98377
651 0 _aHollywood (Los Angeles, Calif.)
_xFiction.
_912060
655 7 _aLove stories.
_2gsafd
_9418
906 _a7
_bcbc
_corignew
_d1
_eocip
_f19
_gy-gencatlg
942 _2ddc
_cBK
999 _c174424
_d174424